Najludniejsze gminy w Finlandii - Statystyki

Ogólne statystyki
  • Ten quiz został rozwiązany 37 razy
  • Średni wynik to 7 z 50
Statystyki odpowiedzi
Populacja Miasto % Poprawnych
614 074 Helsinki
100%
182 281 Turku
57%
260 981 Espoo
43%
193 902 Oulu
43%
220 609 Tampere
43%
54 766 Kotka
29%
106 451 Kuopio
29%
103 352 Lahti
29%
61 316 Rovaniemi
29%
67 766 Hämeenlinna
14%
46 285 Hyvinkää
14%
39 992 Järvenpää
14%
74 475 Joensuu
14%
134 802 Jyväskylä
14%
37 861 Kajaani
14%
37 926 Kirkkonummi
14%
47 060 Kokkola
14%
86 943 Kouvola
14%
72 678 Lappeenranta
14%
47 746 Lohja
14%
54 686 Mikkeli
14%
41 188 Nurmijärvi
14%
83 487 Pori
14%
49 538 Porvoo
14%
39 964 Rauma
14%
60 472 Seinäjoki
14%
38 160 Tuusula
14%
66 405 Vaasa
14%
208 310 Vantaa
14%
22 007 Hollola
0%
22 159 Iisalmi
0%
28 183 Imatra
0%
22 124 Jämsä
0%
31 796 Kaarina
0%
30 354 Kangasala
0%
22 121 Kemi
0%
34 974 Kerava
0%
21 836 Lempäälä
0%
32 698 Nokia
0%
25 529 Raahe
0%
28 738 Raasepori
0%
24 568 Raisio
0%
29 373 Riihimäki
0%
54 461 Salo
0%
25 488 Sastamala
0%
36 246 Savonlinna
0%
22 367 Tornio
0%
22 084 Varkaus
0%
28 974 Vihti
0%
31 744 Ylöjärvi
0%
Nie znaleziono quizów pasujących do podanych kryteriów
Rozkład punktacji
Procent ludzi z każdym wynikiem
Percentyl według liczby udzielonych odpowiedzi
Twoja historia wyników
Nie rozwiązałeś tego quizu